000 00547nam a2200181Ia 4500
008 100920s9999 xx 000 0 und d
082 _b86839
_a--- न 03
100 _aसप्रे मधुवंती.
245 _aलोकलकांड.
260 _bवासकर मीना, मुंबई.
_c2003
300 _a213
_bसाधी
365 _b160
520 _aकादंबरी.
630 _aलोकलकांड.
650 _aकादंबरी.
730 _aलोकलकांड.
942 _cBOOK
999 _c727349
_d727346